| 000 | 00610nam a2200181 a 4500 | ||
|---|---|---|---|
| 005 | 20140412111244.0 | ||
| 008 | 010503s19uu xx 00 eng d | ||
| 020 | _a0-7445-0428-7 | ||
| 050 |
_aTR(PS E _bMa28 1990 |
||
| 100 | _aCousins, Lucy | ||
| 245 |
_aMaisy goes swimming : _blift the flap, pull the tab / _cLucy Cousins. |
||
| 260 |
_aLondon : _bWalker Books, _c1990. |
||
| 300 | _a1v. (unp.) ; ill. | ||
| 520 | _aMaisy is going for a swim at the pool. She needs to get out of her clothes and change into her swim suit. | ||
| 650 | _aSwimming-Stories | ||
| 650 | _aChildren stories | ||
| 999 |
_c102864 _d102864 |
||